Squadre con la migliore Differenza reti in Serie A - Statistics

Statistiche generali
  • Questo quiz è stato fatto 52 volte
  • Il punteggio medio è 10 su 15
Statistiche sulle risposte
Differenza reti Squadra % Corretto
2 154 Inter
100%
2 477 Juventus
100%
460 Lazio
100%
1 902 Milan
100%
1 075 Roma
100%
691 Fiorentina
98%
330 Torino
96%
672 Napoli
92%
224 Bologna
90%
- 8 Parma
63%
- 57 Monza
40%
- 20 Carpi
19%
- 27 Pistoiese
13%
- 32 Treviso
10%
- 46 Ternana
6%
Nessun quiz corrispondente trovato
Distribuzione punteggi
Percentuale di utenti per punteggio
Percentile per numero di risposta
I tuoi punteggi nel tempo
Non hai fatto questo quiz